000 00751nam a2200253Ia 4500
003 OSt
005 20221005092556.0
006 a|||||r|||| 00| 0
007 ta
008 221004b |||||||| |||| 00| 0 eng d
020 _a9781138282087 (pbk)
_cUKP 31.99
024 _a43988
037 _b486, 18/01/2019, Sunrise Books
_cTextual
040 _aCRL
_cCRL
_beng
041 _2eng
_aeng
082 _aS:523, Q8
100 _aMaddux James E. Ed.
245 0 _aSubjective well-being and life satisfaction
260 _aNew York
_bRoutledge USA
_c2018
300 _aix,481p.
_ccm.
650 _aHAPPINESS
_930983
942 _hS:523, Q8
_cTEXL
_2cc
999 _c999063
_d999063